Sports Quiz

Random Sports or Cricket Quiz
Score 0/25 Timer 06:00
0 Plays Today
Team % Correct
AUSShane Warne
100%
AUSGlen Mcgrath
96.9%
SLMuttiah Muralitharan
89.2%
INDAnil Kumble
89.2%
ENGIan Botham
89.2%
WICourtney Walsh
81.5%
PAKWasim Akram
76.9%
SAMakhaya Ntini
76.9%
NZDaniel Vettori
75.4%
INDKapil Dev
73.8%
WICurtly Ambrose
73.8%
PAKWaqar Younis
73.8%
INDHarbhajan Singh
73.8%
Team % Correct
NZRichard Hadlee
72.3%
SAAllan Donald
72.3%
AUSBrett Lee
72.3%
SAShaun Pollock
70.8%
WIMalcolm Marshall
69.2%
PAKImran Khan
69.2%
AUSDennis Lillee
67.7%
SLChaminda Vaas
61.5%
ENGBob Willis
52.3%
ENGFred Trueman
44.6%
ENGDerek Underwood
30.8%
WILance Gibbs
29.2%
Remove Ads.
Support Sporcle.
Get the best of Sporcle when you Go Orange. This ad-free experience offers more features, more stats, and more fun while also helping to support Sporcle. Thank you for becoming a member.

You're not logged in!

Compare scores with friends on all Sporcle quizzes.
OR
Log In

Show Comments

Extras

Created Oct 16, 2010SourceReportNominate
Tags:Cricket Quiz, test, Wicket

Top Quizzes Today


Score Distribution

Your Account Isn't Verified!

In order to create a playlist on Sporcle, you need to verify the email address you used during registration. Go to your Sporcle Settings to finish the process.

Report this User

Report this user for behavior that violates our Community Guidelines.

Details: